Animals that Appear on British Flags - Statistics

General Stats
  • This quiz has been taken 27 times
  • The average score is 7 of 13
Answer Stats
Countries Animal % Correct
Wales Dragon
95%
Anguilla Dolphin
74%
British Antarctic Territory, South Georgia and the South Sandwich Islands Penguin
74%
Alderney, Jersey, +6 others Lion
68%
Tristan da Cunha, Turks and Caicos Lobster
63%
Ascension Island, Cayman Islands Sea Turtle
53%
Turks and Caicos Conch
47%
Tristan da Cunha Albatross
42%
South Georgia and the South Sandwich Islands Fur Seal
42%
Ascension Island Seagull
42%
Falkland Islands Sheep
42%
Saint Helena Plover
32%
South Georgia and the South Sandwich Islands Reindeer
26%
No matching quizzes found
Score Distribution
Percent of People with Each Score
Percentile by Number Answered
Your Score History
You have not taken this quiz